Normal view
MARC view
- Akmal, Maryam
Entry Personal Name
001 - CONTROL NUMBER
- control field: 131600
003 - CONTROL NUMBER IDENTIFIER
- control field: NUST
005 - DATE AND TIME OF LATEST TRANSACTION
- control field: 20251028131707.0
008 - FIXED-LENGTH DATA ELEMENTS
- fixed length control field: 251028|| aca||aabn | a|a d
040 ## - CATALOGING SOURCE
- Original cataloging agency: NUST
- Transcribing agency: NUST
100 ## - HEADING--PERSONAL NAME
- Personal name: Akmal, Maryam
670 ## - SOURCE DATA FOUND
- Source citation: Work cat.: (NUST)615233: Akmal, Maryam, INTERNATIONAL BUSINESS TRIP REPORT ALTINBAS UNIVERSITY & TURKISH AEROSPACE INDUSTRY, TURKEY/
